000 00684nam a2200277Ia 4500
005 20260324144047.0
008 008 260324s9999 xx 000 0 eng d
020 _a9780429478932
037 _aEBOOK
040 _aCRL
040 _beng
040 _cCRL
041 _2eng
041 _aeng
084 _qCRL
100 _aDonald W. Winnicott; Clare Winnicott; Ray Shepherd; Madeleine Davis
_91217923
245 0 _aPsycho-Analytic Explorations
260 _bTaylor and Francis
260 _c1989
365 _a
365 _b205
856 _uhttp://www.taylorfrancis.com/books/9780429478932
942 _cEBOOK
999 _c1824086
_d1824086